=LDR 00000nam 2200000 4500 =247 ##$$a =856 ##$$a =700 #$$a =650 #$$a Pengelolaan Barang Bukti =650 #$$a Narkotika =520 #$$a Kedeputian Bidang Pemberantasan BNN memiliki peran penting dalam pemberantasan narkota, khususnya melalui pengawasan barang bukti. Namun, hingga saat ini, belum dibentuk sistem pelaporan terintegrasi yang dibekukan melalui kebijakan, standar operasional prosedur (SOP), proses bisnis, instrumen/tools pelaporan, hingga digitalisasi sistem pelaporan tersebut. Tujuan Proper ini adalah melakukan transformasi kebijakan pengelolaan barang bukti tindak pidana pada BNN sebagai langkah strategis dalam pengelolaan pengawasan barang bukti tindak pidana narkotika yang holistik dan integratif. =321 ##$$a =310 ##$$a =300 ##$$a 48 hlm. : $b ill. ; $c 30 cm $e =260 ##$$a Jakarta : $b Pusbangkom Pimnas dan Manajerial ASN. ; $c 2024 =001 $a INLIS000000000020859 =245 ##$$a Transformasi Kebijakan Pengelolaan Barang Bukti Tindak Pidana Narkotika $b $c Tri Setiyadi =100 #$$a Tri Setiyadi =084 ##$$a R 0073 PKN I 2024 =082 ##$$a =035 ##$$a 0010-0426000016 =020 ##$$a =008 $a 260414################g##########0#ind## =005 $a 20260414151410